00432nam a2200181Ia 4500003000900000008004100009040001300050040001300063041000800076100002200084245006900106250001200175260002600187260000900213300001000222300001200232490000600244IT-RoPAU120407s9999 xx 000 0 und d aIT-RoPAU cIT-RoPAU aita aGiacomo Alberione aUntil Christ Be Formed in You. Donec Formetur Christus in Vobis. aBoston  aDaughters of St. Paul c1983 a98 p. c17,5 cm v1